Reference and referent accessibility /

Bibliographic Details
Corporate Author: International Pragmatics Conference
Other Authors: Fretheim, Thorstein, Gundel, Jeanette K.
Format: Conference Proceeding Book
Language:English
Published: Amsterdam ; Philadelphia : John Benjamins Pub. Co., [1996]
Series:Pragmatics & beyond. new ser. 38.
Subjects:

MARC

Tag First Indicator Second Indicator Subfields
LEADER 00000cam a2200000 a 4500
001 in00001574591
005 20151022093327.0
008 960305s1996 ne a b 101 0 eng
010 |a  96012697  
020 |a 1556193319 (alk. paper) 
035 |a (OCoLC)ocm34356760 
040 |a DLC  |c DLC  |d TXA  |d UtOrBLW 
049 |a TXAM 
050 0 0 |a P325.5.R44  |b R39 1996 
082 0 0 |a 415  |2 20 
245 0 0 |a Reference and referent accessibility /  |c edited by Thorstein Fretheim, Jeanette K. Gundel. 
264 1 |a Amsterdam ;  |a Philadelphia :  |b John Benjamins Pub. Co.,  |c [1996] 
264 4 |c ©1996 
300 |a 313 pages :  |b illustrations ;  |c 23 cm. 
336 |a text  |b txt  |2 rdacontent 
337 |a unmediated  |b n  |2 rdamedia 
338 |a volume  |b nc  |2 rdacarrier 
490 1 |a Pragmatics & beyond,  |x 0922-842X ;  |v new ser. 38 
500 |a Based on papers presented at the 4th International Pragmatics Conference in Kobe, Japan, July 25-30, 1993. 
504 |a Includes bibliographical references and indexes. 
650 0 |a Reference (Linguistics)  |v Congresses. 
700 1 |a Fretheim, Thorstein. 
700 1 |a Gundel, Jeanette K. 
711 2 |a International Pragmatics Conference  |n (4th :  |d 1993 :  |c Kōbe-shi, Japan) 
830 0 |a Pragmatics & beyond.  |x 0922-842X ;  |v new ser. 38. 
948 |a cataloged  |b h  |c 2000/12/11  |d c  |e dmitchel  |f 10:44:14 am 
994 |a E0  |b TXA 
999 |a MARS 
999 f f |s fa101dd9-d45c-3c96-a56c-4237796c9e06  |i 4dc3d2c5-1894-3941-b448-35be8c0c31e1  |t 0 
952 f f |p ric  |a Texas A&M University  |b Rellis Campus  |c Joint Library Facility  |d Remote Storage  |t 0  |e P325.5.R44 R39 1996  |h Library of Congress classification  |i unmediated -- volume  |m A14827063979 
998 f f |a P325.5.R44 R39 1996  |t 0  |l Remote Storage